Spamming the ABCs - Statistics

General Stats
  • This quiz has been taken 117 times
  • The average score is 10 of 100
Answer Stats
Hint Answer % Correct
A a
100%
a
41%
a
41%
a
41%
a
41%
a
41%
a
41%
a
38%
a
38%
a
38%
a
38%
a
38%
a
38%
a
38%
a
38%
a
35%
a
35%
a
35%
a
35%
a
35%
a
35%
a
35%
B b
12%
b
12%
C c
6%
c
6%
c
6%
c
6%
c
6%
D d
3%
d
3%
d
3%
d
3%
d
3%
d
3%
d
3%
E e
0%
e
0%
F f
0%
f
0%
f
0%
f
0%
f
0%
f
0%
f
0%
f
0%
f
0%
f
0%
f
0%
G g
0%
H h
0%
h
0%
h
0%
h
0%
h
0%
I i
0%
i
0%
i
0%
J j
0%
j
0%
j
0%
K k
0%
L l
0%
l
0%
l
0%
l
0%
l
0%
l
0%
l
0%
l
0%
M m
0%
m
0%
m
0%
m
0%
N n
0%
O o
0%
P p
0%
Q q
0%
q
0%
q
0%
q
0%
q
0%
q
0%
q
0%
R r
0%
r
0%
r
0%
r
0%
r
0%
r
0%
r
0%
S s
0%
T t
0%
U u
0%
V v
0%
W w
0%
X x
0%
Y y
0%
y
0%
Z z
0%
No matching quizzes found
Score Distribution
Percent of People with Each Score
Percentile by Number Answered
Your Score History
You have not taken this quiz